MARC details
| 000 -CABECERA |
| campo de control de longitud fija |
03697nam a2200457 i 4500 |
| 001 - NÚMERO DE CONTROL |
| campo de control |
991027021928407026 |
| 003 - IDENTIFICADOR DEL NÚMERO DE CONTROL |
| campo de control |
UkOxU |
| 005 - FECHA Y HORA DE LA ÚLTIMA TRANSACCIÓN |
| campo de control |
20250908125651.0 |
| 006 - CÓDIGOS DE INFORMACIÓN DE LONGITUD FIJA--CARACTERÍSTICAS DEL MATERIAL ADICIONAL |
| campo de control de longitud fija |
m o d | |
| 007 - CAMPO FIJO DE DESCRIPCIÓN FÍSICA--INFORMACIÓN GENERAL |
| campo de control de longitud fija |
cr#cnu|||||||| |
| 008 - DATOS DE LONGITUD FIJA--INFORMACIÓN GENERAL |
| campo de control de longitud fija |
240307s2024 enka o 001 0 eng d |
| 020 ## - NÚMERO INTERNACIONAL ESTÁNDAR DEL LIBRO |
| Número Internacional Estándar del Libro |
9781292446417 |
| 035 ## - NÚMERO DE CONTROL DEL SISTEMA |
| Número de control de sistema |
(MiAaPQ)EBC7261465 |
| 035 ## - NÚMERO DE CONTROL DEL SISTEMA |
| Número de control de sistema |
(Au-PeEL)EBL7261465 |
| 035 ## - NÚMERO DE CONTROL DEL SISTEMA |
| Número de control de sistema |
(MiAaPQ)EBC7261466 |
| 035 ## - NÚMERO DE CONTROL DEL SISTEMA |
| Número de control de sistema |
(Au-PeEL)EBL7261466 |
| 035 ## - NÚMERO DE CONTROL DEL SISTEMA |
| Número de control de sistema |
(CKB)26940412900041 |
| 035 ## - NÚMERO DE CONTROL DEL SISTEMA |
| Número de control de sistema |
(OCoLC)1399429385 |
| 035 ## - NÚMERO DE CONTROL DEL SISTEMA |
| Número de control de sistema |
(FINmELB)ELB231124 |
| 035 ## - NÚMERO DE CONTROL DEL SISTEMA |
| Número de control de sistema |
(MiAaPQ)EBC31755806 |
| 035 ## - NÚMERO DE CONTROL DEL SISTEMA |
| Número de control de sistema |
(Au-PeEL)EBL31755806 |
| 035 ## - NÚMERO DE CONTROL DEL SISTEMA |
| Número de control de sistema |
(OCoLC)1382694122 |
| 035 ## - NÚMERO DE CONTROL DEL SISTEMA |
| Número de control de sistema |
(MiAaPQ)EBC32036143 |
| 035 ## - NÚMERO DE CONTROL DEL SISTEMA |
| Número de control de sistema |
(Au-PeEL)EBL32036143 |
| 035 ## - NÚMERO DE CONTROL DEL SISTEMA |
| Número de control de sistema |
(EXLCZ)9926940412900041 |
| 040 ## - FUENTE DE LA CATALOGACIÓN |
| Centro catalogador/agencia de origen |
MiAaPQ |
| Lengua de catalogación |
eng |
| Normas de descripción |
rda |
| -- |
pn |
| Centro/agencia transcriptor |
MiAaPQ |
| Centro/agencia modificador |
MiAaPQ |
| -- |
UkOxU |
| 041 ## - CÓDIGO DE LENGUA |
| Código de lengua del texto/banda sonora o título independiente |
English |
| 050 #4 - SIGNATURA TOPOGRÁFICA DE LA BIBLIOTECA DEL CONGRESO |
| Número de clasificación |
HG173 |
| Número de documento/Ítem |
.B475 2024 |
| 100 ## - ENTRADA PRINCIPAL--NOMBRE DE PERSONA |
| Nombre de persona |
Berk, Jonathan B. |
| Fechas asociadas al nombre |
1962- |
| Término indicativo de función/relación |
author. |
| 9 (RLIN) |
1909 |
| 245 10 - MENCIÓN DE TÍTULO |
| Título |
Corporate finance |
| Mención de responsabilidad, etc. |
/ Jonathan Berk and Peter DeMarzo. |
| 250 ## - MENCIÓN DE EDICIÓN |
| Mención de edición |
Sixth edition. |
| 250 ## - MENCIÓN DE EDICIÓN |
| Mención de edición |
Global edition. |
| 264 #1 - PRODUCCIÓN, PUBLICACIÓN, DISTRIBUCIÓN, FABRICACIÓN Y COPYRIGHT |
| Producción, publicación, distribución, fabricación y copyright |
Harlow, England : |
| Nombre del de productor, editor, distribuidor, fabricante |
Pearson Education Limited, |
| Fecha de producción, publicación, distribución, fabricación o copyright |
[2024] |
| 300 ## - DESCRIPCIÓN FÍSICA |
| Extensión |
1 online resource (1196 pages) |
| 505 0# - NOTA DE CONTENIDO CON FORMATO |
| Nota de contenido con formato |
Bridging Theory and Practice — Teaching Students to Think Finance — Engaging with Concepts and Data — About the Authors — Preface — Introduction — The Corporation and Financial Markets — The Four Types of Firms — Sole Proprietorships — Partnerships — Limited Liability Companies — Corporations — Tax Implications for Corporate Entities — Corporate Taxation Around the World — Ownership Versus Control of Corporations — The Corporate Management Team — Interview with David Viniar — The Financial Manager — Finance in Times of Disruption: The Dodd-Frank Act — The Goal of the Firm — The Firm and Society — Ethics and Incentives within Corporations — Shareholder versus Stakeholder Value — Finance in Times of Disruption: The Dodd-Frank Act on Corporate Compensation — Citizens United v. Federal Election Commission — Airlines in Bankruptcy — The Stock Market — Primary and Secondary Stock Markets — Traditional Trading Venues — Interview with Adena T. Friedman — New Competition and Market Changes — Dark Pools — Fintech: Finance and Technology — Telecommunications — Security and Verification — Automation of Banking Services — Big Data and Machine Learning — Competition — Key Points and Equations — Key Terms — Further Reading — Problems — Introduction to Financial Statement Analysis — Firms’ Disclosure of Financial Information — Preparation of Financial Statements — International Financial Reporting Standards — Interview with Ruth Porat — Types of Financial Statements — The Balance Sheet — Assets — Liabilities — Stockholders’ Equity — Market Value Versus Book Value — Enterprise Value — The Income Statement. |
| 520 ## - SUMARIO, ETC. |
| Sumario, etc. |
Using the valuation framework based on the Law of One Price, top researchers Jonathan Berk and Peter DeMarzo have set the new canon for corporate finance texts. Corporate Finance blends coverage of time-tested principles and the latest advancements with the practical perspective of the financial manager. You can “practice finance to learn finance” by solving problems like those faced by today's professionals.<br/><br/><br/>The 6th Edition features the latest research, data, events and technologies to help you develop the tools you need to make sound financial decisions. |
| 650 #0 - PUNTO DE ACCESO ADICIONAL DE MATERIA--TÉRMINO DE MATERIA |
| Término de materia o nombre geográfico como elemento de entrada |
Finance |
| 9 (RLIN) |
3911 |
| 700 ## - ENTRADA AGREGADA--NOMBRE PERSONAL |
| Nombre de persona |
DeMarzo, Peter M. |
| Término indicativo de función/relación |
author. |
| 9 (RLIN) |
1908 |
| 856 ## - LOCALIZACIÓN Y ACCESO ELECTRÓNICOS |
| Identificador Uniforme del Recurso |
<a href="https://bibliotheque.tbs-education.fr/Default/doc/SYRACUSE/3386427/corporate-finance">https://bibliotheque.tbs-education.fr/Default/doc/SYRACUSE/3386427/corporate-finance</a> |
| 942 ## - ELEMENTOS DE ENTRADA AGREGADA (KOHA) |
| Fuente del sistema de clasificación o colocación |
Clasificación de Library of Congress |